Países que mais retrocederam em IDH neste século - Statistics

Estatísticas Gerais
  • Esse quiz foi jogado 55 vezes
  • A pontuação média é 6 de 24
Estatísticas das Respostas
# Países IDH 2000 IDH 2022 Perda % Correto
5 Venezuela 0,770 0,691 -0,079
85%
1 Síria 0,691 0,577 -0,114
65%
12 México 0,796 0,758 -0,038
59%
15 Cuba 0,795 0,764 -0,031
50%
21 França 0,928 0,903 -0,025
43%
9 Libia 0,773 0,718 -0,055
39%
11 Líbano 0,755 0,706 -0,049
33%
24 Uruguai 0,831 0,809 -0,022
24%
23 Paraguai 0,740 0,717 -0,023
22%
16 El Salvador 0,706 0,675 -0,031
20%
8 Filipinas 0,754 0,699 -0,055
20%
14 Jamaica 0,742 0,709 -0,033
17%
19 Suriname 0,756 0,730 -0,027
17%
2 Belize 0,784 0,683 -0,101
13%
17 Fiji 0,758 0,730 -0,028
11%
4 Barbados 0,871 0,790 -0,081
9%
18 Brunei 0,856 0,829 -0,027
7%
6 Dominica 0,779 0,720 -0,059
7%
13 São Cristóvão e Nevis 0,814 0,777 -0,037
7%
10 Cabo Verde 0,715 0,662 -0,053
4%
3 Guiné Equatorial 0,679 0,596 -0,083
4%
7 Ilhas Salomão 0,622 0,564 -0,058
4%
22 Iêmem 0,479 0,455 -0,024
2%
20 Seychelles 0,811 0,785 -0,026
2%
Nenhum quiz correspondente encontrado
Distribuição das Pontuações
Porcentagem de Pessoas com Cada Pontuação
Percentil de Números Respondidos
Sua Pontuação Histórica
Você não jogou esse quiz